000 00716nam a2200289Ia 4500
005 20260324141517.0
008 008 260324s9999 xx 000 0 eng d
020 _a9781351292764
037 _aEBOOK
040 _aCRL
040 _beng
040 _cCRL
041 _2eng
041 _aeng
084 _qCRL
100 _aDmitry Shlapentokh
_91083957
245 4 _aThe French Revolution and the Russian Anti-Democratic Tradition
245 2 _bA Case of False Consciousness
260 _bTaylor and Francis
260 _c1997
365 _a
365 _b115
856 _uhttp://www.taylorfrancis.com/books/9781351292764
942 _cEBOOK
999 _c1811638
_d1811638